[Event "2.ligaD04/05-4"]
[Site "?"]
[Date "2004.12.05"]
[Round "4"]
[White "Riska, Lubomir"]
[Black "Adam, Petr"]
[Result "1/2-1/2"]
[WhiteElo "2207"]
[BlackElo "2129"]
[PlyCount "74"]
[EventDate "2004.12.05"]

1. Nf3 d6 2. d4 Bg4 3. c4 Bxf3 4. gxf3 Nd7 5. Bg2 g6 6. f4 Rb8 7. Nc3 Bg7 8. e4
e6 9. Be3 Ne7 10. d5 a6 11. Bd4 e5 12. fxe5 Bxe5 13. f4 Bxd4 14. Qxd4 f6 15. h4
b5 16. cxb5 axb5 17. h5 b4 18. Ne2 g5 19. fxg5 Rg8 20. g6 hxg6 21. h6 Ne5 22.
O-O-O Qd7 23. Bh3 Qb5 24. Bf1 Qa4 25. Kb1 Nf3 26. Qd3 Ne5 27. Qb3 Qxb3 28. axb3
Rh8 29. Rc1 c5 30. dxc6 N7xc6 31. Nf4 g5 32. Nd5 Kf7 33. Be2 Ke6 34. Nc7+ Kd7
35. Nd5 Ke6 36. Nc7+ Kd7 37. Nd5 Ke6 1/2-1/2

[Event "2.ligaD04/05-4"]
[Site "?"]
[Date "2004.12.05"]
[Round "4"]
[White "Kavan, Zdenek"]
[Black "Molik, Zdenek"]
[Result "1-0"]
[WhiteElo "2190"]
[BlackElo "2203"]
[PlyCount "77"]
[EventDate "2004.12.05"]

1. c4 Nf6 2. Nc3 g6 3. g3 Bg7 4. Nf3 d5 5. cxd5 Nxd5 6. Bg2 O-O 7. O-O c5 8.
Nxd5 Qxd5 9. d3 Nc6 10. Be3 Qd6 11. Rc1 Nd4 12. Nd2 Bg4 13. Re1 Rac8 14. Bxb7
Rb8 15. Nc4 Qd7 16. Bg2 Rfc8 17. b3 e5 18. Nd2 Rb6 19. Ne4 Qe7 20. Qd2 h5 21.
h3 Bf5 22. Qa5 Rb5 23. Qa3 Bf8 24. Bg5 Qc7 25. Nf6+ Kg7 26. Nd5 Ra5 27. Qb2 Qd6
28. f4 Qa6 29. Ra1 exf4 30. Bxf4 Kh7 31. Be5 Be6 32. Nf6+ Kh6 33. Qd2+ Kg7 34.
Nxh5+ Kg8 35. Nf6+ Kg7 36. Qg5 c4 37. Nd5+ Kg8 38. Qf6 Nxe2+ 39. Kh2 1-0

[Event "2.ligaD04/05-4"]
[Site "?"]
[Date "2004.12.05"]
[Round "4"]
[White "Vlk, Miroslav"]
[Black "Dvorak, Libor"]
[Result "1/2-1/2"]
[WhiteElo "2115"]
[BlackElo "2021"]
[PlyCount "77"]
[EventDate "2004.12.05"]

1. d4 Nf6 2. c4 c5 3. e3 cxd4 4. exd4 d5 5. Nc3 Nc6 6. Nf3 Bg4 7. cxd5 Nxd5 8.
Be2 e6 9. O-O Be7 10. Qb3 Nb6 11. Be3 O-O 12. Rfd1 Nb4 13. a3 N4d5 14. Rac1 Rc8
15. h3 Bh5 16. Ne4 Nxe3 17. Qxe3 Nd5 18. Qb3 Nf4 19. Bf1 b6 20. Ba6 Rc7 21. Qe3
Nd5 22. Qb3 Qb8 23. Ng3 Bxf3 24. Qxf3 Bf6 25. Ne2 Rd8 26. Rxc7 Qxc7 27. Rc1 Qd6
28. Bc4 Ne7 29. b4 Bxd4 30. Nxd4 Qxd4 31. Bb3 Nd5 32. Bxd5 Qxd5 33. Qf4 g6 34.
Rc7 Qd1+ 35. Kh2 Qd6 36. Qxd6 Rxd6 37. Rxa7 Kg7 38. Kg3 Kf6 39. Kf3 1/2-1/2

[Event "2.ligaD04/05-4"]
[Site "?"]
[Date "2004.12.05"]
[Round "4"]
[White "Fojtach, Ivan"]
[Black "Dobes, Oldrich"]
[Result "1-0"]
[WhiteElo "2045"]
[BlackElo "2066"]
[PlyCount "83"]
[EventDate "2004.12.05"]

1. e4 c5 2. d4 cxd4 3. Nf3 d6 4. Nxd4 Nf6 5. Nc3 a6 6. a4 e6 7. Be2 Nbd7 8. O-O
b6 9. f4 Bb7 10. Bf3 Rc8 11. Qe2 Qc7 12. h3 Qc4 13. Qf2 Be7 14. Be3 Nc5 15. Be2
Qb4 16. Bd2 e5 17. fxe5 dxe5 18. Nf5 Ncxe4 19. Nxe4 Qxe4 20. Nxe7 Rxc2 21. Bf3
Qd4 22. Qxd4 exd4 23. Bxb7 Rxd2 24. Nd5 Nxd5 25. Bxd5 O-O 26. b3 Rd8 27. Bxf7+
Kh8 28. Rad1 Re2 29. Bc4 Re3 30. Rfe1 Rxe1+ 31. Rxe1 g6 32. Bxa6 Kg7 33. Kf2
Kf6 34. Ke2 Ke5 35. Kd3+ Kd5 36. Re4 Kc5 37. Bb5 Rd6 38. b4+ Kxb4 39. Rxd4+ Kc5
40. Rxd6 Kxd6 41. Ke4 h6 42. Be8 1-0

[Event "2.ligaD04/05-4"]
[Site "?"]
[Date "2004.12.05"]
[Round "4"]
[White "Docekal, Jan"]
[Black "Skrenek, Jiri"]
[Result "1/2-1/2"]
[WhiteElo "2120"]
[BlackElo "2046"]
[PlyCount "56"]
[EventDate "2004.12.05"]

1. f4 d5 2. Nf3 Nf6 3. b3 c5 4. Bb2 Nc6 5. e3 e6 6. Bb5 Bd7 7. O-O Be7 8. Bxc6
Bxc6 9. Ne5 O-O 10. d3 Rc8 11. Nd2 b5 12. a4 a6 13. Ndf3 Bb7 14. Qe2 Qc7 15.
Nd2 Qb6 16. Kh1 Rfd8 17. Ndf3 Qc7 18. f5 exf5 19. Ng5 Rf8 20. Rxf5 h6 21. Ngxf7
Rxf7 22. Nxf7 Kxf7 23. Raf1 Kg8 24. axb5 axb5 25. e4 dxe4 26. dxe4 Rf8 27. e5
Nh7 28. Qxb5 Qc6 1/2-1/2

[Event "2.ligaD04/05-4"]
[Site "?"]
[Date "2004.12.05"]
[Round "4"]
[White "Nekula, Richard"]
[Black "Mlensky, Dalibor"]
[Result "0-1"]
[WhiteElo "2089"]
[BlackElo "2093"]
[PlyCount "118"]
[EventDate "2004.12.05"]

1. e4 d5 2. exd5 Qxd5 3. Nc3 Qa5 4. Nf3 Nf6 5. Be2 Nc6 6. O-O Bg4 7. d3 e6 8.
Bd2 O-O-O 9. a3 Bxf3 10. Bxf3 Nd4 11. Be4 Qh5 12. Qxh5 Nxh5 13. Rac1 f5 14. Bf3
Nxf3+ 15. gxf3 Bd6 16. Rce1 Bf4 17. Be3 Rhf8 18. Ne2 Be5 19. Bg5 Rde8 20. d4
Bd6 21. c4 f4 22. c5 Rf5 23. cxd6 Rxg5+ 24. Kh1 cxd6 25. Rc1+ Kd7 26. Nc3 Rc8
27. Rfe1 Rc4 28. Rcd1 d5 29. Rd2 g6 30. Rde2 Ng7 31. Rd2 Rh5 32. Ne2 g5 33. Nc3
Nf5 34. Red1 Rh3 35. Kg2 Rh6 36. Rd3 Nh4+ 37. Kh1 Rf6 38. h3 Rf8 39. Kg1 Rfc8
40. Kf1 a6 41. Ke2 b5 42. R3d2 h6 43. Ra1 Nf5 44. Rad1 Rb8 45. Na2 a5 46. Nc1
Kd6 47. Nb3 Ra8 48. Nc1 Rac8 49. Na2 Rc2 50. Kd3 Rxd2+ 51. Rxd2 Rc4 52. Nc3
Rxd4+ 53. Ke2 Rxd2+ 54. Kxd2 Kc5 55. Kd3 a4 56. Ne2 e5 57. Kc3 Nh4 58. Ng1 d4+
59. Kd3 Kd5 0-1

[Event "2.ligaD04/05-4"]
[Site "?"]
[Date "2004.12.05"]
[Round "4"]
[White "Fojtik, Tomas"]
[Black "Petlak, Josef"]
[Result "1-0"]
[WhiteElo "2054"]
[BlackElo "2031"]
[PlyCount "79"]
[EventDate "2004.12.05"]

1. d4 Nf6 2. c4 g6 3. Nc3 d5 4. e3 Bg7 5. Be2 c6 6. Nf3 O-O 7. O-O Nbd7 8. Bd2
dxc4 9. Bxc4 b5 10. Be2 Bb7 11. Rc1 Nb6 12. Ne5 Nfd7 13. Nxd7 Qxd7 14. Bf3 Nc4
15. b3 Nxd2 16. Qxd2 Rad8 17. Ne4 Ba8 18. Nc5 Qc7 19. Qe2 Qa5 20. Nd3 Rd6 21.
Rc5 Re8 22. Rfc1 e5 23. Nxe5 Bxe5 24. dxe5 Rd2 25. Qe1 Rxa2 26. Qxa5 Rxa5 27.
g3 Ra3 28. R1c3 a5 29. h3 Kf8 30. Rd3 a4 31. Bd1 Ke7 32. Bc2 Ra1+ 33. Kh2 a3
34. Rd1 Rxd1 35. Bxd1 Rd8 36. Rc1 b4 37. g4 Ke6 38. Kg3 Kxe5 39. Bf3 Kd6 40.
Be4 1-0

[Event "2.ligaD04/05-4"]
[Site "?"]
[Date "2004.12.05"]
[Round "4"]
[White "Jelen, Jiri"]
[Black "Svoboda, Jiri"]
[Result "1/2-1/2"]
[WhiteElo "1957"]
[BlackElo "1860"]
[PlyCount "118"]
[EventDate "2004.12.05"]

1. e4 Nf6 2. e5 Nd5 3. d4 d6 4. Nf3 Bg4 5. Be2 Nc6 6. exd6 exd6 7. O-O Be7 8.
c4 Nf6 9. Nc3 O-O 10. Be3 Re8 11. Qd2 d5 12. Ne5 Bxe2 13. Qxe2 Bd6 14. Nxc6
bxc6 15. cxd5 cxd5 16. Qf3 c6 17. Rac1 Qd7 18. Bf4 Bb4 19. Be5 Re6 20. h3 Rae8
21. Rc2 Qe7 22. a3 Ba5 23. b4 Bb6 24. Rfc1 Nd7 25. Na4 Nxe5 26. dxe5 Bd4 27.
Rxc6 Rxc6 28. Rxc6 Qd7 29. b5 Rxe5 30. Qd1 Re4 31. Nc5 Bxc5 32. Rxc5 d4 33. Rc6
h6 34. Qd3 Qf5 35. Qg3 Qxb5 36. Rd6 Re1+ 37. Kh2 Qb1 38. Rd8+ Kh7 39. Qf3 Rh1+
40. Kg3 Qg6+ 41. Qg4 Qd3+ 42. Qf3 Rd1 43. Rd7 Qg6+ 44. Kh2 Rd3 45. Qf4 Rxa3 46.
Qxd4 a5 47. Qc4 f5 48. Rd8 Qf6 49. Re8 Qg5 50. Qg8+ Kg6 51. Re6+ Kh5 52. Qf7+
g6 53. Rxg6 Rxh3+ 54. gxh3 Qxg6 55. Qa7 Qd6+ 56. Kg1 Qd5 57. Qa6 Qe5 58. Kf1 f4
59. Qc6 Kh4 1/2-1/2

[Event "2.ligaD04/05-4"]
[Site "?"]
[Date "2004.12.05"]
[Round "4"]
[White "Hladik, Josef"]
[Black "Mlynek, Petr"]
[Result "1/2-1/2"]
[WhiteElo "2216"]
[BlackElo "2216"]
[PlyCount "31"]
[EventDate "2004.12.05"]

1. Nf3 d5 2. c4 c6 3. b3 Bf5 4. g3 Nf6 5. Bg2 e6 6. O-O Bc5 7. d4 Bd6 8. Bb2
Nbd7 9. Nc3 O-O 10. Nd2 Qe7 11. e4 dxe4 12. Ndxe4 Ba3 13. Qc1 Bxb2 14. Qxb2
Rfd8 15. Rfe1 Nxe4 16. Nxe4 {(0.23-0.38)} 1/2-1/2

[Event "2.ligaD04/05-4"]
[Site "?"]
[Date "2004.12.05"]
[Round "4"]
[White "Donnert, Milan"]
[Black "Uhmann, Jan"]
[Result "1/2-1/2"]
[WhiteElo "2196"]
[BlackElo "2233"]
[PlyCount "33"]
[EventDate "2004.12.05"]

1. e4 e5 2. Nf3 Nc6 3. Bb5 a6 4. Bxc6 dxc6 5. O-O Ne7 6. Nxe5 Qd4 7. Nf3 Qxe4
8. Re1 Qg6 9. Ne5 Qf6 10. d4 Bf5 11. Ng4 Bxg4 12. Qxg4 Qg6 13. Qh3 f5 14. Nd2
O-O-O 15. Nf3 Qg4 16. Qxg4 {(R)} 16... fxg4 17. Ne5 {(0.40-0.16)} 1/2-1/2

[Event "2.ligaD04/05-4"]
[Site "?"]
[Date "2004.12.05"]
[Round "4"]
[White "Svehla, Karel"]
[Black "Svihel, Karel"]
[Result "0-1"]
[WhiteElo "2151"]
[BlackElo "2166"]
[PlyCount "38"]
[EventDate "2004.12.05"]

1. d4 Nf6 2. Nf3 g6 3. c4 Bg7 4. Nc3 O-O 5. e4 d6 6. Be2 e5 7. d5 a5 8. O-O Na6
9. Ne1 Nc5 10. Bf3 Ne8 11. Nd3 Nxd3 12. Qxd3 f5 13. b3 f4 14. a3 g5 15. Be2 g4
16. f3 g3 17. Rd1 Qh4 18. h3 Bxh3 19. Bf1 Bd7 {(0.15-0.29)} 0-1

[Event "2.ligaD04/05-4"]
[Site "?"]
[Date "2004.12.05"]
[Round "4"]
[White "Zavadil, Michal"]
[Black "Bakos, Eduard"]
[Result "1-0"]
[WhiteElo "2083"]
[BlackElo "2119"]
[PlyCount "47"]
[EventDate "2004.12.05"]

1. e4 e6 2. d4 d5 3. Nd2 b6 4. exd5 exd5 5. Ngf3 Nf6 6. Bd3 Bd6 7. O-O O-O 8.
h3 c5 9. dxc5 bxc5 10. c4 Ba6 11. Qc2 Nc6 12. a3 d4 13. Ne4 h6 14. Bd2 Bb7 15.
b4 cxb4 16. c5 Be7 17. axb4 a6 18. Ra4 Nd5 19. Ng3 g6 20. Bc4 h5 21. Qe4 Nb8
22. Nxd4 Kg7 23. c6 Nf6 24. Qf4 {(1.35-1.08)} 1-0

[Event "2.ligaD04/05-4"]
[Site "?"]
[Date "2004.12.05"]
[Round "4"]
[White "Stefl, Vladimir"]
[Black "Komarek, David"]
[Result "0-1"]
[WhiteElo "2135"]
[BlackElo "2147"]
[PlyCount "62"]
[EventDate "2004.12.05"]

1. e4 e6 2. d4 d5 3. Nc3 Bb4 4. e5 c5 5. a3 Bxc3+ 6. bxc3 Qc7 7. Qg4 f5 8. Qh5+
g6 9. Qd1 cxd4 10. cxd4 Bd7 11. Nf3 Ba4 12. Ra2 Nc6 13. Bd3 O-O-O 14. O-O h6
15. Qe2 g5 16. Bb2 Nge7 17. Nd2 Ng6 18. g3 Qb6 19. Nb3 Bxb3 20. cxb3 Nxd4 21.
Bxd4 Qxd4 22. Re1 Kb8 23. Rd2 Qb6 24. b4 g4 25. Rb2 h5 26. a4 h4 27. a5 Qd4 28.
Rd2 hxg3 29. hxg3 Rh3 30. Bxf5 Rdh8 31. Bxg4 Rxg3+ {(1.55-1.10)} 0-1

[Event "2.ligaD04/05-4"]
[Site "?"]
[Date "2004.12.05"]
[Round "4"]
[White "Lamser, Miroslav"]
[Black "Masak, Pavel"]
[Result "1/2-1/2"]
[WhiteElo "2066"]
[BlackElo "2055"]
[PlyCount "33"]
[EventDate "2004.12.05"]

1. d4 d5 2. Nf3 Nf6 3. Bg5 Nbd7 4. e3 e6 5. Bd3 Be7 6. O-O O-O 7. c4 dxc4 8.
Bxc4 b6 9. Nc3 Bb7 10. Qe2 Nd5 11. Bxd5 Bxd5 12. Nxd5 exd5 13. Bxe7 Qxe7 14.
Rac1 c5 15. b3 Rac8 16. Rfd1 Qe6 17. dxc5 {(R. 0.35-0.53)} 1/2-1/2

[Event "2.ligaD04/05-4"]
[Site "?"]
[Date "2004.12.05"]
[Round "4"]
[White "Handl, Martin"]
[Black "Michalcak, Lubomir"]
[Result "1/2-1/2"]
[WhiteElo "2057"]
[BlackElo "2052"]
[PlyCount "69"]
[EventDate "2004.12.05"]

1. e4 c6 2. d4 d5 3. Nc3 dxe4 4. Nxe4 Bf5 5. Ng3 Bg6 6. Nf3 Nd7 7. Bd3 Ngf6 8.
O-O e6 9. Bf4 c5 10. Bxg6 hxg6 11. Ne5 Nd5 12. Nxd7 Nxf4 13. Nxf8 Qh4 14. h3
O-O-O 15. Qg4 Qxg4 16. hxg4 Rxd4 17. Nxg6 Nxg6 18. f3 {(R)} 18... Nf4 19. Rad1
Rhd8 20. Rxd4 Rxd4 21. Rf2 b6 22. Nh5 g6 23. Nxf4 {(R)} 23... Rxf4 24. Kf1 Rd4
25. Ke1 Kc7 26. c3 Rd8 27. Rd2 Rd5 28. Rf2 Kd6 29. g3 c4 30. Rh2 Re5+ 31. Kd2
Rd5+ 32. Ke1 Rb5 33. Rd2+ Rd5 34. Rh2 Rb5 35. Rd2+ {(1.33-1.57)} 1/2-1/2

[Event "2.ligaD04/05-4"]
[Site "?"]
[Date "2004.12.05"]
[Round "4"]
[White "Koblizek, Antonin"]
[Black "Vaculikova, Renata"]
[Result "1-0"]
[WhiteElo "2017"]
[BlackElo "1896"]
[PlyCount "91"]
[EventDate "2004.12.05"]

1. e4 e5 2. Nf3 Nc6 3. Bb5 a6 4. Ba4 Nf6 5. O-O Be7 6. Re1 b5 7. Bb3 d6 8. c3
O-O 9. h3 Na5 10. Bc2 c5 11. d4 Qc7 12. Nbd2 cxd4 13. cxd4 Bb7 14. d5 Nc4 15.
Nf1 Rac8 16. Bd3 Rfe8 17. b3 Nb6 18. Bd2 Nbd7 19. Qe2 Nf8 20. Ne3 Ng6 21. g3
Qd7 22. Kh2 h6 23. Nf5 Bf8 24. N3h4 Kh7 25. Qf3 Ng8 26. Rg1 Rc7 27. g4 Nxh4 28.
Nxh4 f6 29. Nf5 g6 30. Ne3 Bg7 31. h4 Rf8 32. Qg3 Qf7 33. f4 Qe8 34. Bb4 Rd7
35. f5 g5 36. a4 bxa4 37. Rxa4 Qc8 38. Nc4 Qb8 39. Nb6 Rdf7 40. Bxa6 Bxa6 41.
Rxa6 gxh4 42. Qe3 Rb7 43. Rc1 Qd8 44. Rc6 Ne7 45. Rxd6 Qc7 46. Qc5 {(1.23-1.57)
} 1-0

[Event "2.ligaD04/05-4"]
[Site "?"]
[Date "2004.14.20"]
[Round "4"]
[White "Tuma, Jiri"]
[Black "Kanovsky, David"]
[Result "1-0"]
[WhiteElo "2217"]
[BlackElo "2392"]
[PlyCount "51"]
[EventDate "2004.12.05"]

1. e4 c5 2. Nf3 e6 3. d4 cxd4 4. Nxd4 a6 5. g3 h5 6. h3 d5 7. Nf3 h4 8. g4 Nf6
9. exd5 Bc5 10. Bg2 Qc7 11. Nc3 O-O 12. Bg5 exd5 13. O-O Rd8 14. Bxh4 Nc6 15.
Bxf6 gxf6 16. Nxd5 Qd6 17. c4 Kg7 18. a3 Be6 19. Nd2 Bd4 20. Ne4 Qe5 21. Nexf6
Bxb2 22. Nh5+ Kf8 23. Rb1 Bxa3 24. Re1 Qd4 25. Qf3 Qc5 26. Qf6 1-0

[Event "2.ligaD04/05-4"]
[Site "?"]
[Date "2004.14.20"]
[Round "4"]
[White "Belohlavek, Petr"]
[Black "Senkyr, Vladimir"]
[Result "1-0"]
[WhiteElo "2204"]
[BlackElo "2149"]
[PlyCount "77"]
[EventDate "2004.12.05"]

1. e4 Nf6 2. e5 Nd5 3. c4 Nb6 4. d4 d6 5. exd6 cxd6 6. Nc3 g6 7. Be3 Bg7 8. Rc1
O-O 9. b3 e5 10. dxe5 dxe5 11. Qxd8 Rxd8 12. c5 N6d7 13. Bc4 Nc6 14. Nf3 h6 15.
Ne4 Nd4 16. Nd6 Rf8 17. b4 a5 18. Nh4 Kh7 19. Bxf7 g5 20. Ng6 Rxf7 21. Nxf7
Kxg6 22. Nd6 axb4 23. Bxd4 exd4 24. c6 bxc6 25. Rxc6 Ba6 26. Ne8+ Kf7 27. Nxg7
Kxg7 28. Rd6 Bb5 29. Rxd4 Rxa2 30. h4 b3 31. hxg5 hxg5 32. Rd5 Ra1+ 33. Rd1
Rxd1+ 34. Kxd1 Bc6 35. Kc1 Nc5 36. Rd1 Be4 37. Kb2 Bc2 38. Re1 Kf6 39. Kc3 1-0

[Event "2.ligaD04/05-4"]
[Site "?"]
[Date "2004.14.20"]
[Round "4"]
[White "Jurek, Miroslav"]
[Black "Kulovana, Eva"]
[Result "1-0"]
[WhiteElo "2127"]
[BlackElo "2183"]
[PlyCount "155"]
[EventDate "2004.12.05"]

1. e4 d5 2. exd5 Qxd5 3. Nc3 Qa5 4. d4 Nf6 5. Nf3 Nc6 6. h3 Bf5 7. Bd3 Bxd3 8.
Qxd3 O-O-O 9. O-O e6 10. a3 h6 11. Ne4 Qf5 12. Re1 Be7 13. c3 Nxe4 14. Qxe4
Qxe4 15. Rxe4 Rd5 16. Bf4 Rhd8 17. Rae1 b5 18. g4 h5 19. Kg2 hxg4 20. hxg4 Rh8
21. Rh1 Rxh1 22. Kxh1 Rd8 23. Kg2 Rh8 24. Bg5 Bd6 25. Ne5 Bxe5 26. dxe5 Na5 27.
a4 a6 28. axb5 axb5 29. f4 Kd7 30. Rd4+ Kc6 31. Be7 Ra8 32. f5 Nc4 33. b3 Nxe5
34. fxe6 fxe6 35. Re4 Kd5 36. Rd4+ Kc6 37. Re4 Kd5 38. Rd4+ Kc6 39. Re4 Nf7 40.
Rxe6+ Kd7 41. Re3 Nd8 42. Bxd8 Kxd8 43. b4 Kd7 44. Re5 c6 45. Kg3 Kd6 46. Rg5
Ra7 47. Kf4 Ke6 48. Ke4 Kf6 49. Rf5+ Ke6 50. Rc5 Rc7 51. Kf4 Kf6 52. c4 bxc4
53. b5 g5+ 54. Kf3 Ke6 55. bxc6 Kd6 56. Rxc4 Rf7+ 57. Ke3 Kc7 58. Rc5 Rf1 59.
Rxg5 Kxc6 60. Ke4 Kd6 61. Rf5 Ra1 62. Kf4 Ke6 63. Kg5 Ra8 64. Rf6+ Ke7 65. Kf5
Ra5+ 66. Kg6 Ra8 67. Rf7+ Ke6 68. Kg7 Ra5 69. Rf6+ Ke7 70. Rf5 Ra4 71. g5 Ke6
72. Rf6+ Ke7 73. g6 Rh4 74. Rf7+ Ke8 75. Kg8 Rh1 76. Rh7 Rg1 77. g7 Ke7 78. Kh8
1-0

[Event "2.ligaD04/05-4"]
[Site "?"]
[Date "2004.14.20"]
[Round "4"]
[White "Dittrich, Pavel"]
[Black "Belousek, Michal"]
[Result "1/2-1/2"]
[WhiteElo "2196"]
[BlackElo "2146"]
[PlyCount "105"]
[EventDate "2004.12.05"]

1. d4 Nf6 2. Bg5 Ne4 3. Bf4 d5 4. Nd2 Bf5 5. e3 e6 6. Bd3 Nxd2 7. Qxd2 Bxd3 8.
Qxd3 b6 9. Nf3 Bd6 10. Bxd6 Qxd6 11. O-O Nd7 12. Rac1 O-O 13. c4 dxc4 14. Rxc4
c5 15. Ng5 Nf6 16. Qc2 cxd4 17. Rxd4 Qe7 18. Rc4 Rad8 19. Rc7 Rd7 20. Rc1 Rfd8
21. Rxd7 Qxd7 22. g3 h6 23. Nf3 Qd5 24. Qc7 Rd7 25. Qc8+ Rd8 26. Qc7 Rd7 27.
Qc6 Qxc6 28. Rxc6 Ne4 29. Rc2 f6 30. b3 Kf7 31. Rc4 Ng5 32. Nxg5+ hxg5 33. g4
e5 34. Kf1 g6 35. e4 Ke6 36. Ke2 Kd6 37. Rc3 Rh7 38. h3 Kd7 39. Rd3+ Kc7 40.
Kd2 a6 41. Kc3 Re7 42. a4 Re6 43. Kb4 Rc6 44. a5 b5 45. Rd5 Rd6 46. Rxd6 Kxd6
47. Kc3 Kc5 48. b4+ Kd6 49. Kd3 Ke6 50. Ke3 Kf7 51. Kf3 Kg7 52. Kg3 Kf7 53. Kg2
1/2-1/2

[Event "2.ligaD04/05-4"]
[Site "?"]
[Date "2004.14.20"]
[Round "4"]
[White "Jelinek, Vaclav"]
[Black "Miculka, Petr"]
[Result "1-0"]
[WhiteElo "2131"]
[BlackElo "2079"]
[PlyCount "111"]
[EventDate "2004.12.05"]

1. g3 g6 2. Bg2 Bg7 3. Nf3 d6 4. d3 c5 5. O-O Nc6 6. Na3 e5 7. c4 Nge7 8. Nc2
O-O 9. a3 a5 10. Rb1 a4 11. Nd2 d5 12. cxd5 Nxd5 13. Ne4 b6 14. Ne3 Be6 15. Nc3
Nxe3 16. Bxe3 Bb3 17. Qd2 Rc8 18. Bh6 f5 19. Bxg7 Kxg7 20. Rbc1 Nd4 21. e3 Ne6
22. Nb1 Nc7 23. Rfe1 Qf6 24. Qe2 Rcd8 25. Nd2 Bf7 26. Nc4 Rfe8 27. Qc2 f4 28.
exf4 exf4 29. Rxe8 Bxe8 30. gxf4 Rd4 31. Re1 Rxf4 32. Re4 Rf5 33. Qe2 Rg5 34.
Re7+ Kh6 35. Rxc7 Bc6 36. Ne3 Bf3 37. Qd2 Qf4 38. Rf7 Rxg2+ 39. Kf1 Rxh2 40.
Nf5+ Kg5 41. Qxf4+ Kxf4 42. Nh4+ Kg4 43. Nxf3 Rh1+ 44. Ng1 Rh5 45. Rb7 Rd5 46.
Ke2 h5 47. Rxb6 g5 48. Re6 Rd4 49. Ke3 h4 50. Re4+ Kf5 51. Nf3 Rd5 52. Rxa4 h3
53. Rc4 Kg6 54. b4 cxb4 55. axb4 Kh5 56. Rc5 1-0

[Event "2.ligaD04/05-4"]
[Site "?"]
[Date "2004.14.20"]
[Round "4"]
[White "Tesar, Jan"]
[Black "Strnad, Josef"]
[Result "1/2-1/2"]
[WhiteElo "2102"]
[BlackElo "2065"]
[PlyCount "160"]
[EventDate "2004.12.05"]

1. d4 Nf6 2. Bf4 d5 3. e3 c5 4. c3 e6 5. Bxb8 Rxb8 6. Qa4+ Bd7 7. Qxa7 Ra8 8.
Qxb7 Rb8 9. Qa6 Rxb2 10. Qd3 c4 11. Qd1 Qa5 12. Qc1 Rxa2 13. Rxa2 Qxa2 14. Nd2
Ne4 15. Nxe4 dxe4 16. f3 Bc6 17. Qd2 Qb3 18. Kf2 Be7 19. Qe2 Qxc3 20. Qxc4 Qxc4
21. Bxc4 Kd7 22. Ne2 Rb8 23. Ra1 Rb2 24. Ra7+ Kd8 25. Ra2 Rb4 26. Ba6 exf3 27.
gxf3 Bh4+ 28. Ng3 f5 29. Rc2 Kd7 30. f4 g5 31. fxg5 Bxg5 32. Bc8+ Kxc8 33.
Rxc6+ Kd7 34. Ra6 h6 35. d5 exd5 36. Nxf5 Rb2+ 37. Kg3 Rb3 38. Kf3 Bxe3 39.
Rd6+ Kc7 40. Rxd5 Bg5+ 41. Kg4 Rb6 42. h4 Bc1 43. Kh5 Rc6 44. Nd4 Rc4 45. Kg6
Bb2 46. Nf5 Rc6+ 47. Kh7 Bc1 48. h5 Bg5 49. Nd4 Rb6 50. Nf3 Kc6 51. Rf5 Bc1 52.
Nd4+ Kd7 53. Rf7+ Ke8 54. Rc7 Bf4 55. Ra7 Be3 56. Nf5 Bg5 57. Kg8 Rc6 58. Ra1
Rf6 59. Re1+ Kd8 60. Re5 Bf4 61. Rd5+ Ke8 62. Kg7 Rb6 63. Ra5 Rb7+ 64. Kg8 Rb6
65. Ra7 Bg5 66. Ng7+ Kd8 67. Rf7 Rf6 68. Ra7 Rc6 69. Kh7 Rb6 70. Ra1 Ke7 71.
Re1+ Kf6 72. Re8 Kf7 73. Re2 Rf6 74. Kh8 Rb6 75. Nf5 Kf6 76. Ne7 Rb8+ 77. Kh7
Rb7 78. Rf2+ Kxe7 79. Kg6 Rb6+ 80. Kh7 Rf6 1/2-1/2

[Event "2.ligaD04/05-4"]
[Site "?"]
[Date "2004.14.20"]
[Round "4"]
[White "Sykora, Karel"]
[Black "Kruml, David"]
[Result "0-1"]
[WhiteElo "2119"]
[BlackElo "2148"]
[PlyCount "124"]
[EventDate "2004.12.05"]

1. c4 e5 2. Nc3 Nc6 3. g3 g6 4. Bg2 Bg7 5. Nf3 f5 6. d3 Nf6 7. Bd2 O-O 8. Qc1
Re8 9. Bg5 e4 10. dxe4 fxe4 11. Nd2 e3 12. fxe3 h6 13. Bxf6 Bxf6 14. O-O d6 15.
Nd5 Bg7 16. Nf3 Ne7 17. Qd2 Nf5 18. Nd4 c6 19. Nxf5 Bxf5 20. e4 Bxe4 21. Bxe4
Rxe4 22. Nf4 Qe8 23. Rae1 g5 24. Ng2 Rxc4 25. e3 Qg6 26. Rf2 Re8 27. Ref1 d5
28. Kh1 h5 29. Rf5 h4 30. gxh4 gxh4 31. Qf2 h3 32. Ne1 Rc1 33. Rg1 Qh7 34. Rgg5
d4 35. e4 d3 36. Qd2 Qh4 37. Qxc1 Qxe4+ 38. Nf3 d2 39. Qxd2 Qb1+ 40. Rg1 Qxf5
41. Rg3 Qb1+ 42. Rg1 Qe4 43. Rg3 Rf8 44. Qd7 Rf7 45. Qc8+ Kh7 46. Qxh3+ Bh6 47.
Qg2 Qb1+ 48. Ng1 Qxa2 49. Qe4+ Kh8 50. Qe8+ Bf8 51. Rh3+ Kg8 52. Rg3+ Kh7 53.
Qe4+ Kh8 54. Rh3+ Kg8 55. Qh4 Qxb2 56. Rg3+ Bg7 57. Qc4 Qb5 58. Qg4 Qd5+ 59.
Rg2 a5 60. h4 Qf5 61. Qg3 a4 62. Nh3 Qf3 0-1

[Event "2.ligaD04/05-4"]
[Site "?"]
[Date "2004.14.20"]
[Round "4"]
[White "Kratky, Petr"]
[Black "Widerlechner, Jiri"]
[Result "1/2-1/2"]
[WhiteElo "1937"]
[BlackElo "1938"]
[PlyCount "58"]
[EventDate "2004.12.05"]

1. e4 d5 2. exd5 Qxd5 3. Nc3 Qa5 4. d4 Nf6 5. Bc4 c6 6. h3 Bf5 7. Nge2 e6 8.
O-O Bd6 9. Bf4 Qc7 10. Bxd6 Qxd6 11. Ng3 Bg6 12. Qd2 O-O 13. Rad1 Nbd7 14. Nce2
h6 15. c3 Rad8 16. Nf4 Bh7 17. Rfe1 Rfe8 18. Re2 Nb6 19. Bb3 Nbd5 20. Nxd5 exd5
21. Rde1 Rxe2 22. Rxe2 Re8 23. Rxe8+ Nxe8 24. Qe3 Kf8 25. Bd1 Qe7 26. Qxe7+
Kxe7 27. f4 Bb1 28. a3 Nd6 29. Be2 g6 1/2-1/2

[Event "2.ligaD04/05-4"]
[Site "?"]
[Date "????.??.??"]
[Round "?"]
[White "Vechet, Stanislav"]
[Black "Spodny, Josef"]
[Result "1/2-1/2"]
[WhiteElo "2248"]
[BlackElo "2039"]
[PlyCount "20"]
[EventDate "2004.12.05"]

{409MB, EXEO} 1. d4 Nf6 2. c4 e6 3. Nf3 Bb4+ 4. Bd2 Qe7 5. a3 Bxd2+ 6. Qxd2 O-O
7. Nc3 d6 8. e3 e5 9. dxe5 dxe5 10. Qc2 Rd8 1/2-1/2

[Event "2.ligaD04/05-4"]
[Site "?"]
[Date "????.??.??"]
[Round "?"]
[White "Mares, Jaroslav"]
[Black "Symersky, Petr"]
[Result "1/2-1/2"]
[WhiteElo "2091"]
[BlackElo "2089"]
[PlyCount "91"]
[EventDate "2004.12.05"]

{409MB, EXEO} 1. c4 c6 2. Nc3 d5 3. cxd5 cxd5 4. d4 Nf6 5. Bf4 e6 6. e3 Nc6 7.
Bd3 Bd6 8. Nge2 O-O 9. O-O Nb4 10. Bb1 b6 11. a3 Nc6 12. b4 Bb7 13. Qd3 Bxf4
14. Nxf4 Ne7 15. f3 Rc8 16. Ba2 Qd7 17. Rac1 Rc7 18. Rf2 Rfc8 19. Rfc2 Nf5 20.
Bb1 Nd6 21. a4 Nc4 22. Nb5 Nb2 23. Qb3 Rxc2 24. Rxc2 Rxc2 25. Qxc2 Nc4 26. Nh5
Bc6 27. Nxf6+ gxf6 28. Qxh7+ Kf8 29. Nc3 Bxa4 30. h4 Nd2 31. Ba2 b5 32. e4 Nc4
33. exd5 exd5 34. Qh5 f5 35. Qh6+ Ke8 36. h5 Qe6 37. Qc1 Kf8 38. Kf2 Qe7 39.
Nxd5 Qh4+ 40. Kg1 Qxd4+ 41. Kh2 Qxd5 42. Qh6+ Kg8 43. Qg5+ Kh8 44. Qh6+ Kg8 45.
Qg5+ Kh8 46. Qh6+ 1/2-1/2

[Event "2.ligaD04/05-4"]
[Site "?"]
[Date "????.??.??"]
[Round "?"]
[White "Lastovicka, Jiri"]
[Black "Cap, Martin"]
[Result "1-0"]
[WhiteElo "2110"]
[BlackElo "2059"]
[PlyCount "93"]
[EventDate "2004.12.05"]

{409MB, EXEO} 1. Nf3 Nf6 2. g3 g6 3. Bg2 Bg7 4. O-O O-O 5. d3 d6 6. e4 e5 7. h3
h6 8. Be3 Be6 9. c3 Nbd7 10. Qc2 c6 11. Nbd2 d5 12. Rfe1 Qc7 13. Nf1 c5 14. g4
c4 15. dxc4 dxc4 16. Ng3 Nc5 17. Bf1 b5 18. g5 hxg5 19. Nxg5 Bc8 20. b3 Ne6 21.
bxc4 bxc4 22. Qa4 Nxg5 23. Bxg5 Be6 24. Rab1 Rab8 25. Be3 a5 26. Kh2 Rfc8 27.
Red1 Bf8 28. Qc2 Qc6 29. f3 Bc5 30. Qf2 Nd7 31. f4 exf4 32. Qxf4 Rxb1 33. Rxb1
Bd6 34. Qh4 Be5 35. Bd4 Qc7 36. Kh1 Kg7 37. Qg5 f6 38. Nh5+ Kh7 39. Nxf6+ Nxf6
40. Bxe5 Qc6 41. Qxf6 Qxe4+ 42. Kh2 Kh6 43. Qxe6 Qxb1 44. Bf4+ Kg7 45. Qe7+ Kg8
46. Be5 Rc7 47. Qd8+ 1-0

[Event "2.ligaD04/05-4"]
[Site "?"]
[Date "????.??.??"]
[Round "?"]
[White "Novy, Martin"]
[Black "Sochna, Dusan"]
[Result "1/2-1/2"]
[WhiteElo "2055"]
[BlackElo "2190"]
[PlyCount "50"]
[EventDate "2004.12.05"]

{409MB, EXEO} 1. d4 Nf6 2. c4 g6 3. Nc3 Bg7 4. e4 d6 5. f3 O-O 6. Be3 b6 7. Qd2
c5 8. d5 e6 9. Rd1 exd5 10. Nxd5 Be6 11. Nf4 Ne8 12. Bd3 Nc6 13. Nge2 Qe7 14.
O-O Nc7 15. Rfe1 a6 16. Nc3 Nd4 17. Nfd5 Bxd5 18. exd5 Qd7 19. Ne2 Nxe2+ 20.
Rxe2 Rfe8 21. Kf1 Rab8 22. b3 Re7 23. Rde1 a5 24. Bg5 Rxe2 25. Rxe2 Re8 1/2-1/2